00595nam a2200229Ia 450000500170000000800460001702000180006303700100008104000080009104000080009904000080010704100080011504100080012308400080013110000260013924500870016526000220025226000220027426000090029665000120030585600480031720260121125135.0008 260114s9999 xx 000 0 eng d a9783112209165 aEBOOK aCRL beng cCRL 2eng aeng qCRL aHussain, Majid Salman 0aBritish Policy and the Nationalist Movement in Egypt, 1914-1924: A political study bWalter de Gruyter bWalter de Gruyter c2020 aHistory uhttp://www.degruyter.com/isbn/9783112209165